Ostrov rodil Nitranom V 4. kole I. futbalovej ligy ; Ivor Lehoťan, Jaroslav Kirchner, Jaroslav Jelínek, Josef Kähs, Pavel Kršek, Bohuslav Lang, Ján Novák

Bibliographic Details
Main Authors: Lehoťan, Ivor, 1966- (Author), Kirchner, Jaroslav (Author), Jelínek, Jaroslav (športový redaktor) (Author), Kähs, Josef (Author), Kršek, Pavel (Author), Lang, Bohuslav (Author), Novák, Ján (Author)
Format: Article
Language:Slovak
Subjects:

MARC

LEADER 00000nab a2200000 a 4500
001 vtls000393910
003 SK-MaSNL
005 20260302232231.0
008 111202c1990 xo 0 slo
015 |a SNBRB19rr/mm-uuuuu 
035 |a CL0394034 
040 |a SNKBUCL  |b slo  |c SNKBUCL  |e AACR2 
041 0 |a slo 
044 |a xo  |c SK 
080 |a 796.332.093.1(437)  |2 1981 
245 0 0 |a Ostrov rodil Nitranom  |b V 4. kole I. futbalovej ligy ; Ivor Lehoťan, Jaroslav Kirchner, Jaroslav Jelínek, Josef Kähs, Pavel Kršek, Bohuslav Lang, Ján Novák 
650 0 7 |a futbal  |2 snkbucl  |9 3291 
655 7 |a články z novín a časopisov  |2 snkbucl  |9 267496 
700 1 |a Lehoťan, Ivor,  |d 1966-  |4 aut  |9 105454 
700 1 |a Kirchner, Jaroslav  |4 aut  |9 888040 
700 1 |a Jelínek, Jaroslav  |c (športový redaktor)  |4 aut  |9 181781 
700 1 |a Kähs, Josef  |4 aut  |9 955531 
700 1 |a Kršek, Pavel  |4 aut  |9 5925 
700 1 |a Lang, Bohuslav  |4 aut  |9 943630 
700 1 |a Novák, Ján  |4 aut  |9 5176 
773 0 |t Šport  |g Roč. 44, č. 206 (3. 9. 1990), s. 1 a 6 
850 |a Slovenská národná knižnica v Martine  |a MTA001 
852 |a SNK  |b KIS3GCP 
958 |a RK 
992 |a RBX 
999 |c 1542011  |d 1543941